| 000 | 01999nam a2200481Ii 4500 | ||
|---|---|---|---|
| 001 | DIGDYK1943 | ||
| 003 | NyNyDIG | ||
| 008 | 220426s2020 sp a ob 000 0 spa d | ||
| 006 | m o d | ||
| 007 | cr ||||||||||| | ||
| 035 | _a(OCoLC)1319851635 | ||
| 040 |
_aDGITA _beng _erda _epn _cDGITA |
||
| 020 |
_a9788413773865 _qeBook _qpdf |
||
| 020 | _z9788413771533 | ||
| 050 | 1 | 4 | _aHM821 ebook |
| 082 | 0 | 4 | _a305 |
| 245 | 0 | 0 |
_aDesigualdades complejas e interseccionalidad : _buna revisión crítica / _cDolores Morondo, Cristina de la Cruz, Encarnación La Spina (coordinadoras). |
| 264 | 1 |
_aMadrid : _bEditorial Dykinson ; _a[Oñati, Gipuzkoa] : _bInstituto Internacional de Sociología Jurídica de Oñati, _c2020. |
|
| 300 |
_a1 online resource : _billustrations. |
||
| 336 |
_atext _btxt _2rdacontent |
||
| 336 |
_astill image _2rdacontent |
||
| 337 |
_acomputer _bc _2rdamedia |
||
| 338 |
_aonline resource _bcr _2rdacarrier |
||
| 347 |
_atext file _2rdaft |
||
| 347 | _bPDF | ||
| 490 | 1 | _aColección "Derecho y sociedad" | |
| 504 | _aIncludes bibliographical references. | ||
| 588 | 0 | _aOnline resource; title from PDF title page (Digitalia, viewed Abril 26, 2022) | |
| 650 | 0 | _aEquality. | |
| 650 | 0 | _aSocial justice. | |
| 650 | 0 |
_aDiscrimination _xLaw and legislation. |
|
| 655 | 0 | _aElectronic books. | |
| 700 | 1 |
_aMorondo Taramundi, Dolores, _d1971- _eeditor. |
|
| 700 | 1 |
_aCruz, Cristina, _d1966- _eeditor. |
|
| 700 | 1 |
_aLa Spina, Encarnación, _eeditor. |
|
| 776 | 0 | 8 |
_iPrint version: _tDesigualdades complejas e interseccionalidad. _dMadrid : Editorial Dykinson ; [Oñati, Gipuzkoa] : Instituto Internacional de Sociología Jurídica de Oñati, 2020 _z9788413771533 |
| 791 | 2 |
_aDigitalia (Firm), _edistributor. |
|
| 793 | 0 |
_gDigitalia eBook Collection: _aDykinson Editorial |
|
| 830 | 0 | _aColección Oñati Derecho y sociedad. | |
| 856 | 4 | 0 |
_3Digitalia Hispánica _uhttps://www.digitaliapublishing.com/a/100677/ |
| 910 | _aPremium collection: 2022 | ||
| 942 | _cRAA | ||
| 999 |
_c267975 _d267975 |
||